Chiffres de l’éco - Qlqs infos Institutionnelles - Statistiques

Statistiques générales
  • Ce quiz a été pris 8 fois
  • Le résultat moyen est 16 sur 24
Statistiques - réponses
Hint Réponse % Correct
🇬🇧 Nom du chef de l’État Charles III
100%
🇺🇸 Partis au pouvoir Démocrates
100%
🇺🇸 Nom du chef de l’État Joe Biden
100%
🇺🇸 Nom du chef du gvnt Joe Biden
100%
🇬🇧 Nom du chef du gvnt Keir Starmer
100%
🇩🇪 Nom du chef du gvnt Olaf Scholz
100%
🇨🇳 Partis au pouvoir Parti Communiste
100%
🇬🇧 Partis au pouvoir Parti travailliste / Labour Party
100%
🇬🇧 Régime politique Régime parlementaire / monarchie constitutionnelle
100%
🇷🇺 Partis au pouvoir Russie Unie
100%
🇷🇺 Nom du chef de l’État Vladimir Poutine
100%
🇨🇳 Nom du chef de l’État Xi Jinping
100%
🇯🇵 Régime politique Démocratie / Régime parlementaire / monarchie constitutionnelle
50%
🇺🇸 Régime politique État fédéral / Régime présidentiel / République constitutionnelle / fédérale
50%
🇯🇵 Nom du chef du gvnt Fumio Kishida
50%
🇨🇳 Nom du chef du gvnt Li Qiang
50%
🇯🇵 Nom du chef de l’État Naruhito
50%
🇩🇪 Régime politique République fédérale démocratique
50%
🇩🇪 Partis au pouvoir SPD, FDP, die grünen
50%
🇨🇳 Régime politique État unitaire communiste socialiste / république à parti unique
0%
🇩🇪 Nom du chef de l’État Frank-Walter Steinmeier
0%
🇷🇺 Nom du chef du gvnt Mikhaïl Michoustine
0%
🇯🇵 Partis au pouvoir Parti libéral démocrate
0%
🇷🇺 Régime politique République fédérale / République constitutionnelle
0%
Aucun quiz correspondant
Distribution des résultats
% des personnes avec chaque résultat
Percentile par nombre de réponses
Votre historique - résultats
Vous n’avez pas pris ce quiz